000
00215nam a2200085Ia 4500
008
200302s9999 xx 000 0 und d
100
_a
K. W. Smithies
245
_a
Principles of Design in Architecture
260
_b
Publisher
999
_c
835
_d
835